[Event "World Rapid Team 2023"]
[Site "Dusseldorf GER"]
[Date "2023.08.27"]
[Round "8.10"]
[Board "5"]
[White "Ahn, Maximilian"]
[Black "Lahav, Michal"]
[Result "0-1"]
[BlackTitle "WIM"]
[WhiteElo "1690"]
[BlackElo "2193"]
[WhiteTeam "Aachener Schachverein von 1856"]
[BlackTeam "Rishon LeZion Chess Club"]
[WhiteFideId "255840"]
[BlackFideId "2813742"]
[EventDate "2023.08.26"]

1. e4 e6 2. d4 d5 3. e5 c5 4. c3 Nc6 5. Nf3 Qb6 6. a3 c4 7. Nbd2 Na5 8. Rb1 Bd7
9. h4 Ne7 10. h5 h6 11. b4 cxb3 12. Nxb3 Nxb3 13. Rxb3 Qc7 14. Bd2 Nc6 15. Rb1
Na5 16. a4 Be7 17. Bd3 Nc4 18. Qb3 Qb6 19. Bxc4 dxc4 20. Qxb6 axb6 21. Rxb6 Rxa4
22. O-O Bc6 23. Rfb1 Kd7 24. R1b2 Rha8 25. Kh2 Kc7 26. Kg3 Ba3 27. Rb1 Be4 28.
R1b5 Be7 29. Kf4 Bc6 30. Rb2 Ra1 31. g4 Rf1 32. Kg3 Raa1 33. Be3 Ba3 34. g5 Bxb2
35. Rxb2 Bxf3 36. Kxf3 hxg5 37. Bxg5 Rh1 38. h6 gxh6 39. Be7 Rh3+ 40. Kg2 Rxc3
41. Bd6+ Kc6 42. Bc5 Rb3 43. Rc2 Kd5 44. Rd2 Rbb1 45. Kf3 b5 46. Ke3 b4 0-1

[Event "World Rapid Team 2023"]
[Site "Dusseldorf GER"]
[Date "2023.08.27"]
[Round "8.10"]
[Board "6"]
[White "Bulkovstein, David"]
[Black "Ahn, Anastasia"]
[Result "1-0"]
[WhiteElo "1766"]
[BlackElo "1592"]
[WhiteTeam "Rishon LeZion Chess Club"]
[BlackTeam "Aachener Schachverein von 1856"]
[WhiteFideId "2834707"]
[BlackFideId "252220"]
[EventDate "2023.08.26"]

1. e4 c5 2. Nc3 Nc6 3. g3 g6 4. Bg2 Bg7 5. d3 e6 6. Be3 d6 7. Qd2 Nge7 8. Nge2
O-O 9. O-O f5 10. Bg5 a6 11. h4 Nd4 12. Rae1 Qc7 13. Nd1 Rb8 14. c3 Nxe2+ 15.
Rxe2 b5 16. Bh6 d5 17. exd5 exd5 18. Bf4 Qb6 19. Bxb8 Be6 20. Be5 d4 21. Bxg7
Kxg7 22. Rfe1 Rf6 23. Re5 Nc8 24. cxd4 cxd4 25. Qb4 1-0

[Event "World Rapid Team 2023"]
[Site "Dusseldorf GER"]
[Date "2023.08.27"]
[Round "8.11"]
[Board "1"]
[White "Adly, Ahmed"]
[Black "Yelisieiev, Yevhenii"]
[Result "1-0"]
[WhiteTitle "GM"]
[BlackTitle "IM"]
[WhiteElo "2596"]
[BlackElo "2401"]
[WhiteTeam "Africa"]
[BlackTeam "Deutsche Schachjugend 1"]
[WhiteFideId "10601619"]
[BlackFideId "14139642"]
[EventDate "2023.08.26"]

1. Nf3 d6 2. g3 e5 3. Bg2 Nf6 4. O-O Be7 5. c4 O-O 6. d4 Nbd7 7. Nc3 c6 8. e4
Re8 9. d5 Nc5 10. Qc2 a5 11. Be3 Qc7 12. h3 Rf8 13. Rfd1 Ne8 14. g4 g6 15. Kh1
Kh8 16. Qd2 f5 17. gxf5 gxf5 18. Bh6 Rg8 19. Rg1 f4 20. h4 Rg6 21. Bg5 h6 22.
Bxf4 exf4 23. Qxf4 Bg4 24. Bh3 Nd3 25. Qe3 Bxf3+ 26. Qxf3 Ne5 27. Qe3 Bxh4 28.
f4 Rxg1+ 29. Rxg1 Nf7 30. Be6 Ng7 31. Qh3 Bf6 32. Rg6 Ne8 33. e5 Bg7 34. Qf5
dxe5 35. Bxf7 exf4 36. Qe6 Qd6 37. Bxe8 Qf8 38. Bf7 cxd5 39. Nxd5 f3 40. Nf4 Ra6
41. Qf5 Qb4 42. Qc8+ 1-0

[Event "World Rapid Team 2023"]
[Site "Dusseldorf GER"]
[Date "2023.08.27"]
[Round "8.11"]
[Board "2"]
[White "Colbow, Collin"]
[Black "Bellahcene, Bilel"]
[Result "0-1"]
[WhiteTitle "FM"]
[BlackTitle "GM"]
[WhiteElo "2409"]
[BlackElo "2515"]
[WhiteTeam "Deutsche Schachjugend 1"]
[BlackTeam "Africa"]
[WhiteFideId "16201132"]
[BlackFideId "696358"]
[EventDate "2023.08.26"]

1. e4 c5 2. Nf3 e6 3. d4 cxd4 4. Nxd4 Nf6 5. Nc3 Nc6 6. Ndb5 d6 7. Bf4 e5 8. Bg5
a6 9. Na3 Be6 10. Nc4 Rc8 11. Ne3 Qb6 12. Rb1 Nxe4 13. Nxe4 h6 14. Nxd6+ Bxd6
15. Qxd6 hxg5 16. Qa3 Nb4 17. Bd3 Bxa2 18. Rd1 Nxd3+ 19. Rxd3 Be6 20. O-O Qc5
21. Qa4+ Rc6 22. Rc3 Qb5 23. Qa3 Rh4 24. Rxc6 Qxc6 25. Rd1 Rd4 26. Rd3 Ra4 27.
Qd6 Ra1+ 28. Nd1 Qxd6 29. Rxd6 Rc1 30. Rd2 Bf5 0-1

[Event "World Rapid Team 2023"]
[Site "Dusseldorf GER"]
[Date "2023.08.27"]
[Round "8.11"]
[Board "3"]
[White "Solomon, Kenny"]
[Black "Gloeckler, Christian"]
[Result "0-1"]
[WhiteTitle "GM"]
[BlackTitle "FM"]
[WhiteElo "2324"]
[BlackElo "2318"]
[WhiteTeam "Africa"]
[BlackTeam "Deutsche Schachjugend 1"]
[WhiteFideId "14300192"]
[BlackFideId "34608966"]
[EventDate "2023.08.26"]

1. d4 Nf6 2. c4 e6 3. Nf3 d5 4. Nc3 Bb4 5. Qa4+ Nc6 6. e3 O-O 7. Qc2 Qe7 8. Bd2
Rd8 9. a3 Bxc3 10. Bxc3 a6 11. Bd3 dxc4 12. Bxc4 b5 13. Be2 Bb7 14. O-O Nd5 15.
Rfc1 f5 16. b4 Rac8 17. Bb2 Qf6 18. Ne5 Nxe5 19. dxe5 Qg5 20. Bf1 Nxe3 21. fxe3
Qxe3+ 22. Qf2 Qxf2+ 23. Kxf2 Rd2+ 24. Kg1 Rxb2 25. Rd1 Bd5 26. Rdc1 c6 27. Rc3
f4 28. Rd1 Rf8 29. Rdc1 Rf5 30. Re1 Rg5 31. h4 Rg4 32. Re2 Rxe2 33. Bxe2 Rxg2+
34. Kf1 Rg3 35. Rxg3 fxg3 36. Bh5 g6 37. Bg4 h5 38. Bh3 Kg7 39. Ke2 Kh6 40. Ke3
g5 41. hxg5+ Kxg5 0-1

[Event "World Rapid Team 2023"]
[Site "Dusseldorf GER"]
[Date "2023.08.27"]
[Round "8.11"]
[Board "4"]
[White "Haug, Havard"]
[Black "Moueden, Mohamed Amine"]
[Result "1-0"]
[WhiteTitle "CM"]
[WhiteElo "2199"]
[BlackElo "1953"]
[WhiteTeam "Deutsche Schachjugend 1"]
[BlackTeam "Africa"]
[WhiteFideId "1547887"]
[BlackFideId "7902018"]
[EventDate "2023.08.26"]

1. e4 e5 2. Nf3 Nf6 3. d4 Nxe4 4. Bd3 d5 5. Nxe5 Bd6 6. O-O O-O 7. Nc3 Nxc3 8.
bxc3 c5 9. Re1 c4 10. Bf1 Bf5 11. g3 f6 12. Nf3 Nd7 13. Nh4 Be4 14. Rxe4 dxe4
15. Bxc4+ Kh8 16. Ng6+ hxg6 17. Qg4 Rf7 18. Bxf7 Nf8 19. Qh3+ Nh7 20. Bxg6 Qg8
21. Rb1 b6 22. Rb5 Bc5 23. dxc5 Rd8 24. c6 Rd1+ 25. Kg2 1-0

[Event "World Rapid Team 2023"]
[Site "Dusseldorf GER"]
[Date "2023.08.27"]
[Round "8.11"]
[Board "5"]
[White "February, Jesse Nikki"]
[Black "Groeschel, Karoline"]
[Result "1-0"]
[WhiteTitle "WIM"]
[WhiteElo "1849"]
[BlackElo "1934"]
[WhiteTeam "Africa"]
[BlackTeam "Deutsche Schachjugend 1"]
[WhiteFideId "14312336"]
[BlackFideId "34610537"]
[EventDate "2023.08.26"]

1. d4 Nf6 2. Nf3 d5 3. Bg5 c5 4. c3 Nc6 5. e3 Ne4 6. Bf4 Qb6 7. Qb3 c4 8. Qxb6
axb6 9. Nbd2 Nxd2 10. Nxd2 b5 11. e4 e6 12. Be2 b4 13. Bf3 bxc3 14. bxc3 Ne7 15.
O-O Bd7 16. exd5 exd5 17. Rfe1 Bc6 18. a4 Kd7 19. a5 Ng6 20. Bg4+ Kd8 21. Bg3 h5
22. Bf5 h4 23. Be5 Nxe5 24. dxe5 Bc5 25. Nf3 Ra6 26. Ng5 Ke7 27. Nh3 d4 28. cxd4
Bxd4 29. Rad1 Bc3 30. Re3 Bxa5 31. e6 Kf6 32. Bg4 Re8 33. exf7 Kxf7 34. Ng5+ Kf6
35. Nh7+ Kg6 36. Rxe8 Bxe8 37. Nf8+ Kf7 38. Nh7 Bd8 39. Rxd8 Ra1+ 40. Rd1 Rxd1+
41. Bxd1 b5 42. Ng5+ Kf6 43. Ne4+ Ke5 44. f3 b4 45. Kf2 c3 46. Ke3 Bb5 47. Bb3
Bf1 48. g3 hxg3 49. hxg3 Bb5 50. f4+ Kf5 51. Nd6+ Kg4 52. Nxb5 Kxg3 53. Nd4 Kg4
54. Bd1+ Kh4 55. Nf5+ 1-0

[Event "World Rapid Team 2023"]
[Site "Dusseldorf GER"]
[Date "2023.08.27"]
[Round "8.11"]
[Board "6"]
[White "Andrade, Ruben"]
[Black "Odiah, Isaac Babu"]
[Result "1-0"]
[WhiteElo "1797"]
[BlackElo "1893"]
[WhiteTeam "Deutsche Schachjugend 1"]
[BlackTeam "Africa"]
[WhiteFideId "16246829"]
[BlackFideId "10800549"]
[EventDate "2023.08.26"]

1. e4 c5 2. Nf3 Nc6 3. d4 cxd4 4. Nxd4 e5 5. Nb5 d6 6. N1c3 a6 7. Na3 Nf6 8. Bg5
Be7 9. Bxf6 Bxf6 10. Nd5 Be6 11. c3 Bxd5 12. exd5 Ne7 13. Qf3 Qa5 14. Nc4 Qd8
15. a4 O-O 16. Be2 Qc7 17. a5 Nc8 18. O-O b5 19. axb6 Nxb6 20. Nxb6 Qxb6 21.
Rab1 a5 22. Qe4 Rfd8 23. Bd3 g6 24. Kh1 Bg7 25. Qe2 f5 26. f3 Kh8 27. b4 a4 28.
Ra1 a3 29. Ra2 e4 30. fxe4 fxe4 31. Qxe4 Bxc3 32. Rf7 Qd4 33. Rxh7+ 1-0

[Event "World Rapid Team 2023"]
[Site "Dusseldorf GER"]
[Date "2023.08.27"]
[Round "8.12"]
[Board "1"]
[White "Namale, Ben Nguku"]
[Black "Baklan, Vladimir"]
[Result "0-1"]
[WhiteTitle "CM"]
[BlackTitle "GM"]
[WhiteElo "1967"]
[BlackElo "2550"]
[WhiteTeam "Kenya Commercial Bank Chess Club"]
[BlackTeam "Ukrainian Amators"]
[WhiteFideId "10800263"]
[BlackFideId "14102196"]
[EventDate "2023.08.26"]

1. d4 Nf6 2. Bf4 d6 3. Nc3 Nbd7 4. e4 e5 5. Bg3 c6 6. Nf3 Qa5 7. Bd3 Be7 8. O-O
Nh5 9. Nxe5 Nxg3 10. Nc4 Qc7 11. fxg3 O-O 12. Qe2 Bf6 13. Qf2 b5 14. Nd2 a6 15.
Ne2 g6 16. c3 Bb7 17. h4 Bg7 18. Nf3 Rae8 19. Ng5 Nf6 20. Qf4 h6 21. Nh3 c5 22.
Nf2 b4 23. Rac1 Qb6 24. Kh1 Re7 25. dxc5 dxc5 26. g4 Nd7 27. Ng1 Ne5 28. Be2 Qe6
29. cxb4 cxb4 30. b3 Ree8 31. Nf3 Qe7 32. g3 Rc8 33. Rxc8 Rxc8 34. Rc1 Rc3 35.
Rd1 Nxf3 36. Bxf3 Be5 37. Rd7 Qxd7 38. Qxe5 Rxf3 0-1

[Event "World Rapid Team 2023"]
[Site "Dusseldorf GER"]
[Date "2023.08.27"]
[Round "8.12"]
[Board "2"]
[White "Zavgorodniy, Sergiy"]
[Black "Magana, Ben"]
[Result "1-0"]
[WhiteTitle "IM"]
[BlackTitle "CM"]
[WhiteElo "2416"]
[BlackElo "2020"]
[WhiteTeam "Ukrainian Amators"]
[BlackTeam "Kenya Commercial Bank Chess Club"]
[WhiteFideId "14110148"]
[BlackFideId "10800166"]
[EventDate "2023.08.26"]

1. e4 e5 2. Nf3 Nc6 3. Bb5 a6 4. Bxc6 dxc6 5. O-O f6 6. d4 exd4 7. Nxd4 c5 8.
Nb3 Qxd1 9. Rxd1 Be6 10. Bf4 Rd8 11. Nc3 Rd7 12. Na5 b6 13. Nc6 Bd6 14. Bxd6
Rxd6 15. Nb8 Kd8 16. Rxd6+ cxd6 17. Rd1 Kc7 18. Nxa6+ Kb7 19. Rxd6 Bc4 20. Nxc5+
bxc5 21. Rd7+ Kc6 22. Rxg7 Nh6 23. b3 Bf7 24. f3 Bg6 25. Nd5 1-0

[Event "World Rapid Team 2023"]
[Site "Dusseldorf GER"]
[Date "2023.08.27"]
[Round "8.12"]
[Board "3"]
[White "Methu, Joseph Muragu"]
[Black "Gaponenko, Inna"]
[Result "0-1"]
[BlackTitle "IM"]
[WhiteElo "1989"]
[BlackElo "2336"]
[WhiteTeam "Kenya Commercial Bank Chess Club"]
[BlackTeam "Ukrainian Amators"]
[WhiteFideId "10804714"]
[BlackFideId "14101181"]
[EventDate "2023.08.26"]

1. d4 g6 2. c4 Bg7 3. Nc3 c5 4. Nf3 cxd4 5. Nxd4 Nc6 6. e3 Nf6 7. Be2 O-O 8. O-O
d6 9. b3 Bd7 10. Bb2 a6 11. Bf3 Rc8 12. Nxc6 Bxc6 13. Bxc6 Rxc6 14. Nd5 Nxd5 15.
Bxg7 Nxe3 16. fxe3 Kxg7 17. Qd4+ e5 18. Qd5 Qb6 19. Rae1 Qc5 20. Qxc5 Rxc5 21.
Rd1 Rd8 22. e4 b5 23. cxb5 axb5 24. Rd2 Kf8 25. Rfd1 Ke7 26. Rd5 Rxd5 27. Rxd5
Ra8 28. Rd2 Rc8 29. Kf2 f5 30. exf5 gxf5 31. a4 bxa4 32. bxa4 Ra8 33. Ra2 Ra5
34. Ke3 Ke6 35. Kd3 Kd5 36. Kc3 Kc5 37. Kb3 e4 38. Rc2+ Kd4 39. Rd2+ Ke5 40. g3
e3 41. Rd1 d5 42. Kb4 Ra8 43. a5 d4 0-1

[Event "World Rapid Team 2023"]
[Site "Dusseldorf GER"]
[Date "2023.08.27"]
[Round "8.12"]
[Board "5"]
[White "Oluka Robert Mcligeyo"]
[Black "Breest, Axel"]
[Result "1-0"]
[WhiteElo "2009"]
[BlackElo "1979"]
[WhiteTeam "Kenya Commercial Bank Chess Club"]
[BlackTeam "Ukrainian Amators"]
[WhiteFideId "10814647"]
[BlackFideId "24682349"]
[EventDate "2023.08.26"]

1. e4 d5 2. exd5 c6 3. dxc6 Nxc6 4. Nc3 e5 5. Bc4 Nf6 6. Nf3 Bd6 7. O-O O-O 8.
d3 h6 9. h3 a6 10. Re1 b5 11. Bb3 Bb7 12. Nd5 Re8 13. Bd2 Nd4 14. Nxd4 exd4 15.
Rxe8+ Nxe8 16. Qf3 Ra7 17. Re1 Nc7 18. Ne7+ Qxe7 19. Rxe7 Bxf3 20. Rxf7 Kh7 21.
Rxf3 Ne8 22. Rf7 Ra8 23. Bf4 Bxf4 24. Rxf4 Rd8 25. Rf8 g5 26. Bf7 Rc8 27. Rxe8
Rxc2 28. Bb3 Rxb2 29. Re7+ Kg6 30. Re6+ Kf5 31. Rxa6 Rd2 32. Bf7 Ke5 33. Bg6 h5
34. Ra5 Rb2 35. a4 1-0

[Event "World Rapid Team 2023"]
[Site "Dusseldorf GER"]
[Date "2023.08.27"]
[Round "8.12"]
[Board "6"]
[White "Vibhor Sharma"]
[Black "Ndirangu, Nyaruai, Joyce"]
[Result "1-0"]
[BlackTitle "WCM"]
[WhiteElo "1853"]
[BlackElo "1719"]
[WhiteTeam "Ukrainian Amators"]
[BlackTeam "Kenya Commercial Bank Chess Club"]
[WhiteFideId "5099366"]
[BlackFideId "10802886"]
[EventDate "2023.08.26"]

1. e4 c5 2. Nc3 g6 3. d3 Bg7 4. Be3 b6 5. g3 Qc7 6. Bg2 Bb7 7. Qd2 a6 8. Nf3 d6
9. O-O Nf6 10. Bh6 O-O 11. h3 Nc6 12. Ne1 e5 13. Bxg7 Kxg7 14. f4 Nh5 15. f5 f6
16. Kh2 Nd4 17. Nd1 Kh8 18. c3 Nc6 19. fxg6 hxg6 20. Ne3 Qg7 21. Bf3 Ne7 22.
Bxh5 gxh5 23. Nf5 Nxf5 24. Rxf5 Qg6 25. Nf3 Rg8 26. Rg1 Raf8 27. Nh4 Qh7 28.
Rgf1 Kg7 29. Qe2 Rh8 30. g4 hxg4 31. Qxg4+ Kf7 32. Rxf6+ Ke8 33. Qe6+ Qe7 34.
Rxf8+ Rxf8 35. Rxf8+ 1-0

[Event "World Rapid Team 2023"]
[Site "Dusseldorf GER"]
[Date "2023.08.27"]
[Round "8.13"]
[Board "1"]
[White "Van Dael, Siem"]
[Black "Helbig, Mark"]
[Result "1-0"]
[WhiteTitle "FM"]
[BlackTitle "FM"]
[WhiteElo "2285"]
[BlackElo "2307"]
[WhiteTeam "Blerickse Schaakvereniging"]
[BlackTeam "Neustadt Weinstrasse"]
[WhiteFideId "1049771"]
[BlackFideId "4675622"]
[EventDate "2023.08.26"]

1. e4 c6 2. d4 d5 3. e5 c5 4. dxc5 e6 5. a3 Bxc5 6. b4 Bb6 7. Qg4 Ne7 8. Qg5 g6
9. Qxg6 Rg8 10. Qxh7 Bd4 11. c3 Bxe5 12. Nf3 Bf6 13. h4 Qc7 14. Qc2 e5 15. Bg5
Bh8 16. Bb5+ Nbc6 17. Bxc6+ bxc6 18. Nbd2 Bf5 19. Qa4 f6 20. Be3 Rxg2 21. O-O-O
a5 22. h5 Rg8 23. Rdg1 Kf7 24. Rxg8 Rxg8 25. Qxa5 Qxa5 26. bxa5 Ra8 27. Bb6 Nc8
28. c4 dxc4 29. Nxc4 Be6 30. Nfd2 f5 31. Kc2 e4 32. Bc7 Bd5 33. Rh3 Ne7 34. Ne5+
Ke6 35. Nec4 Bf6 36. h6 Rh8 37. h7 1-0

[Event "World Rapid Team 2023"]
[Site "Dusseldorf GER"]
[Date "2023.08.27"]
[Round "8.13"]
[Board "2"]
[White "Teuffer, Michael"]
[Black "Heinert, Eugen"]
[Result "0-1"]
[WhiteElo "2189"]
[BlackElo "2121"]
[WhiteTeam "Neustadt Weinstrasse"]
[BlackTeam "Blerickse Schaakvereniging"]
[WhiteFideId "24680427"]
[BlackFideId "24621390"]
[EventDate "2023.08.26"]

1. d4 d5 2. Nc3 Nf6 3. Bg5 Nbd7 4. f3 c6 5. e4 dxe4 6. fxe4 e5 7. dxe5 Qa5 8.
Bxf6 gxf6 9. e6 fxe6 10. Qg4 Ne5 11. Qh5+ Ke7 12. Be2 b5 13. O-O-O b4 14. Nb1
Ba6 15. Qh4 Ng6 16. Qh5 Qxh5 17. Bxh5 Bh6+ 18. Nd2 Rad8 0-1

[Event "World Rapid Team 2023"]
[Site "Dusseldorf GER"]
[Date "2023.08.27"]
[Round "8.13"]
[Board "3"]
[White "Krause, Thomas"]
[Black "Gaab, Wolfgang"]
[Result "1-0"]
[WhiteElo "2100"]
[BlackElo "2060"]
[WhiteTeam "Blerickse Schaakvereniging"]
[BlackTeam "Neustadt Weinstrasse"]
[WhiteFideId "4696670"]
[BlackFideId "24679054"]
[EventDate "2023.08.26"]

1. Nf3 Nf6 2. c4 d6 3. d4 Nbd7 4. Nc3 e5 5. e3 g6 6. Be2 Bg7 7. O-O O-O 8. b4 a5
9. b5 b6 10. Ba3 Re8 11. dxe5 dxe5 12. Qc2 Bf8 13. Bb2 Qe7 14. Rfd1 Bb7 15. Nd2
Nc5 16. Nb3 Rad8 17. Ba3 Nfd7 18. Nd5 Bxd5 19. Rxd5 Qe6 20. Bb2 Bg7 21. Rad1 Bf6
22. h3 h5 23. Ba3 Be7 24. Nxc5 bxc5 25. Qc3 1-0

[Event "World Rapid Team 2023"]
[Site "Dusseldorf GER"]
[Date "2023.08.27"]
[Round "8.13"]
[Board "4"]
[White "Schwarz, Dietmar"]
[Black "Bergmans, Dirk"]
[Result "0-1"]
[WhiteElo "1833"]
[BlackElo "2015"]
[WhiteTeam "Neustadt Weinstrasse"]
[BlackTeam "Blerickse Schaakvereniging"]
[WhiteFideId "1271897"]
[BlackFideId "1042327"]
[EventDate "2023.08.26"]

1. e4 c6 2. d4 d5 3. Nc3 dxe4 4. Nxe4 Bf5 5. Ng3 Bg6 6. Nf3 Nd7 7. Bd3 e6 8. Be3
Ngf6 9. O-O Qc7 10. c3 Rd8 11. Qc2 Be7 12. Rad1 Bxd3 13. Rxd3 O-O 14. Re1 Nd5
15. Bc1 c5 16. Rdd1 N7f6 17. Ne4 cxd4 18. Nxd4 Nf4 19. Bxf4 Qxf4 20. Nxf6+ Bxf6
21. Nf3 h6 22. Rxd8 Rxd8 23. Rd1 Qc7 24. Rxd8+ Qxd8 25. Qd2 Qc7 26. h3 b5 27. a3
a5 28. Ne1 Bg5 29. Qd3 Qc5 30. Nf3 Bf6 31. Nd2 Qe5 32. Ne4 Be7 33. g3 f5 34. Nd2
Bc5 35. Kg2 Qe1 0-1

[Event "World Rapid Team 2023"]
[Site "Dusseldorf GER"]
[Date "2023.08.27"]
[Round "8.13"]
[Board "5"]
[White "Alonso, Jose Antonio"]
[Black "Mader, Lena"]
[Result "0-1"]
[WhiteElo "1836"]
[BlackElo "1841"]
[WhiteTeam "Blerickse Schaakvereniging"]
[BlackTeam "Neustadt Weinstrasse"]
[WhiteFideId "16213130"]
[BlackFideId "24653560"]
[EventDate "2023.08.26"]

1. e4 c6 2. d4 d5 3. Nc3 dxe4 4. Nxe4 Nf6 5. Ng3 Bg4 6. Be2 Bxe2 7. N1xe2 e6 8.
Bg5 Be7 9. O-O O-O 10. c3 Nbd7 11. Qb3 Qb6 12. Qc2 h6 13. Bf4 Nd5 14. Bd2 c5 15.
dxc5 Bxc5 16. Rad1 Rfd8 17. Ne4 Be7 18. a3 N7f6 19. N2g3 Rac8 20. h3 Qc7 21.
Nxf6+ Nxf6 22. Be3 Bc5 23. Ne4 Nxe4 24. Qxe4 Bxe3 25. Qxe3 b6 26. Rd4 Rxd4 27.
Qxd4 Rd8 28. Qg4 Qd6 29. Qb4 Qxb4 30. axb4 Kf8 31. Ra1 Rd7 32. Kf1 Ke7 33. Ke2
Kd8 34. Ke3 Kc8 35. c4 Kb7 36. Ra3 Kc6 37. g4 f6 38. h4 g6 39. Ra6 e5 40. f3 Kb7
41. b5 f5 42. b3 fxg4 43. fxg4 Rd4 44. c5 Rxg4 45. c6+ Kb8 46. Ra4 Rg3+ 47. Ke4
Rxb3 48. Kxe5 Rxb5+ 49. Kd6 a5 50. Re4 Rb1 51. Re8+ Ka7 52. Re7+ Kb8 53. Re8+
Ka7 54. c7 Rd1+ 55. Ke7 Rc1 56. c8=Q Rxc8 57. Rxc8 a4 58. Kf6 b5 59. Kxg6 a3 60.
Rc1 b4 61. Rb1 a2 62. Ra1 b3 63. Kxh6 Kb6 64. Kg6 b2 65. Rxa2 b1=Q+ 66. Kg7 Qxa2
67. h5 Qg2+ 68. Kh7 Qe4+ 69. Kg7 Qe5+ 70. Kg6 Qh8 71. h6 Kc6 0-1

[Event "World Rapid Team 2023"]
[Site "Dusseldorf GER"]
[Date "2023.08.27"]
[Round "8.13"]
[Board "6"]
[White "Allmacher, Marco"]
[Black "Hartjes, Jenny"]
[Result "1-0"]
[WhiteElo "1524"]
[BlackElo "1685"]
[WhiteTeam "Neustadt Weinstrasse"]
[BlackTeam "Blerickse Schaakvereniging"]
[WhiteFideId "16273311"]
[BlackFideId "16222334"]
[EventDate "2023.08.26"]

1. e4 c5 2. d4 cxd4 3. c3 dxc3 4. Nxc3 Nc6 5. Nf3 d6 6. Bc4 e6 7. Bf4 a6 8. O-O
Nf6 9. Qe2 e5 10. Bg3 Be7 11. Rfd1 Qc7 12. Rac1 Qb8 13. Nd5 O-O 14. a3 h6 15.
Rc3 Be6 16. Nxf6+ Bxf6 17. b4 Na7 18. Bxe6 fxe6 19. Qc4 Qc8 20. Qb3 Qd7 21. Nxe5
Qe8 22. Rxd6 Bxe5 23. Bxe5 Kh7 24. Rxe6 Qh5 25. Re7 Rg8 26. Rcc7 Qg4 27. f3 Qg5
28. Bxg7 Qb5 29. Bd4+ Kg6 30. Qe6+ Kh5 31. Qf7+ Rg6 32. g4+ Kg5 33. Re5+ 1-0

[Event "World Rapid Team 2023"]
[Site "Dusseldorf GER"]
[Date "2023.08.27"]
[Round "8.14"]
[Board "1"]
[White "Fromm, Marius"]
[Black "Dyachuk, Artem"]
[Result "0-1"]
[WhiteTitle "FM"]
[BlackTitle "FM"]
[WhiteElo "2458"]
[BlackElo "2242"]
[WhiteTeam "Doppelbauer Kiel"]
[BlackTeam "Chess Wizzards"]
[WhiteFideId "12993190"]
[BlackFideId "34107924"]
[EventDate "2023.08.26"]

1. e4 c6 2. Nc3 d5 3. Nf3 dxe4 4. Nxe4 Nd7 5. d4 Ngf6 6. Ng3 g6 7. Bc4 Bg7 8.
O-O O-O 9. Re1 b6 10. Qe2 e6 11. Bg5 h6 12. Bd2 Kh7 13. Rad1 Bb7 14. h4 Qc7 15.
h5 g5 16. Ne5 c5 17. c3 Rad8 18. f4 g4 19. f5 cxd4 20. cxd4 Qd6 21. Bc3 Nd5 22.
Ne4 Qe7 23. Nxd7 Rxd7 24. Qxg4 Rg8 25. Qf3 Qh4 26. Bd3 Kh8 27. Rf1 Nf6 28. Qf2
Qg4 29. Ng3 Nxh5 30. Nxh5 Be5 31. g3 Qxh5 0-1

[Event "World Rapid Team 2023"]
[Site "Dusseldorf GER"]
[Date "2023.08.27"]
[Round "8.14"]
[Board "2"]
[White "Nechitaylo, Nikita"]
[Black "Arndt, Magnus"]
[Result "0-1"]
[BlackTitle "FM"]
[WhiteElo "2116"]
[BlackElo "2405"]
[WhiteTeam "Chess Wizzards"]
[BlackTeam "Doppelbauer Kiel"]
[WhiteFideId "34138161"]
[BlackFideId "12998656"]
[EventDate "2023.08.26"]

1. d4 Nf6 2. Nd2 d5 3. Ngf3 Bf5 4. e3 Nbd7 5. Be2 h6 6. b3 e6 7. Bb2 Bd6 8. Ne5
Ne4 9. Nxe4 Bxe4 10. f3 Bh7 11. Nxd7 Qxd7 12. Qd2 Qe7 13. O-O-O a5 14. a4 c6 15.
Bd3 Bxd3 16. Qxd3 O-O 17. g4 b5 18. g5 Qxg5 19. Rhg1 Qe7 20. Rg2 f5 21. Rdg1 Rf7
22. e4 bxa4 23. bxa4 Bf4+ 24. Kb1 Rb8 25. exf5 exf5 26. Re2 Rxb2+ 27. Kxb2 Qb4+
28. Qb3 Qxd4+ 29. Ka2 Qxg1 30. Re8+ Kh7 31. Qc3 Qb6 32. Re6 Rb7 33. Rxc6 Qb1+
34. Ka3 Bc1+ 0-1

[Event "World Rapid Team 2023"]
[Site "Dusseldorf GER"]
[Date "2023.08.27"]
[Round "8.14"]
[Board "3"]
[White "Ermitsch, Magnus"]
[Black "Korchynskyi, Mykola"]
[Result "1-0"]
[WhiteTitle "FM"]
[WhiteElo "2221"]
[BlackElo "2016"]
[WhiteTeam "Doppelbauer Kiel"]
[BlackTeam "Chess Wizzards"]
[WhiteFideId "16234464"]
[BlackFideId "34138005"]
[EventDate "2023.08.26"]

1. e4 e6 2. d4 d5 3. Nc3 Bb4 4. exd5 exd5 5. Bd3 Nf6 6. Ne2 O-O 7. O-O Bg4 8. f3
Bh5 9. Bg5 c6 10. Nf4 Bg6 11. Nxg6 hxg6 12. Ne2 Nbd7 13. f4 Qc7 14. f5 Ne4 15.
Bxe4 dxe4 16. fxg6 fxg6 17. Nf4 Qd6 18. c3 Ba5 19. Qb3+ Kh7 20. Rae1 Nc5 21. Qc4
Nd3 22. Rxe4 Nxb2 23. Qb3 Rf5 24. Be7 Qd7 25. Rf3 Rb5 26. Qf7 Qg4 27. Ne6 1-0